| 000 | 01226cam a22002531 4500 | ||
|---|---|---|---|
| 001 | gs 15000391 | ||
| 003 | DLC | ||
| 005 | 20260227111317.0 | ||
| 008 | 781127s1913 msuab s000 0 eng | ||
| 010 | _ags 15000391 | ||
| 035 | _a(OCoLC)4398561 | ||
| 040 |
_aDLC _cMsSM _dDLC |
||
| 042 | _apremarc | ||
| 050 | 0 | 0 |
_aQE129 _b.A2 no. 11 |
| 110 | 2 | _aMississippi Geological, Economic, and Topographical Survey | |
| 245 | 1 | 0 |
_aForest conditions of Mississippi, _bbeing a reprint with additions of bulletins nos. 5 and 7. |
| 260 |
_a[Jackson] _c1913. |
||
| 300 |
_a166 p. _billus., maps. _c23 cm. |
||
| 490 | 1 |
_aIts Bulletin, _vno. 11 |
|
| 500 | _aAt head of title: Mississippi State Geological Survey. | ||
| 505 | 0 | _aPreliminary examination of the forest conditions of Mississippi, by C. E. Dunston.-A study of forest conditions of southwestern Mississippi, by the United States Forest Service in co-operation with the Mississippi State Geological Survey, by J. S. Holmes [and] J. H. Foster.-Statistical supplement, by E. N. Lowe.-Note on the flora of Mississippi, by E. N. Lowe. | |
| 650 | 0 |
_aForests and forestry _zMississippi. |
|
| 810 | 2 |
_aMississippi Geological, Economic, and Topographical Survey. _tBulletin, _vno. 11. |
|
| 999 |
_c25517 _d25517 |
||